[Event "Verona Primavera op-A 1st"]
[Site "Verona"]
[Date "2021.05.08"]
[Round "3"]
[White "Cappelletto, Joshuaede"]
[Black "Zenari, Marco"]
[Result "1-0"]
[WhiteElo "2138"]
[BlackElo "2127"]
[PlyCount "57"]
[EventDate "2021.05.07"]
[EventType "swiss"]
[EventRounds "5"]
[EventCountry "ITA"]
[SourceTitle "EXT 2022"]
[Source "ChessBase"]
[SourceDate "2021.10.06"]
[SourceVersion "1"]
[SourceVersionDate "2021.10.06"]
[SourceQuality "1"]

1. e4 c5 2. Nf3 d6 3. d4 cxd4 4. Nxd4 Nf6 5. Nc3 g6 6. Be3 Bg7 7. f3 0-0 8. Qd2 Nc6 9. g4 Be6 10. Nxe6 fxe6 11. 0-0-0 Ne5 12. Be2 Rc8 13. h4 Qa5 14. h5 Nc4 15. Bxc4 Rxc4 16. hxg6 hxg6 17. Bh6 Rfc8 18. Bxg7 Kxg7 19. Qh6+ Kf7 20. Rd3 b5 21. e5 Ne8 22. Qh7+ Ng7 23. Rh6 b4 24. Qxg6+ Kg8 25. Rd5 Qb6 26. Rh7 Qg1+ 27. Rd1 Qe3+ 28. Kb1 Qxe5 29. Rdh1 1-0

[Event "Vienna op"]
[Site "Vienna"]
[Date "2019.08.17"]
[Round "1"]
[White "Subelj, Jan"]
[Black "Zenari, Marco"]
[Result "1/2-1/2"]
[WhiteElo "2418"]
[BlackElo "2128"]
[PlyCount "85"]
[EventDate "2019.08.17"]
[EventType "swiss"]
[EventRounds "9"]
[EventCountry "AUT"]
[SourceTitle "EXT 2020"]
[Source "ChessBase"]
[SourceDate "2019.10.17"]
[SourceVersion "1"]
[SourceVersionDate "2019.10.17"]
[SourceQuality "1"]

1. e4 c5 2. Nf3 d6 3. c3 Nf6 4. Be2 Nc6 5. d4 cxd4 6. cxd4 Nxe4 7. d5 Qa5+ 8. Nc3 Nxc3 9. bxc3 Nb8 10. 0-0 g6 11. Qd4 f6 12. h4 Nd7 13. h5 Ne5 14. Nxe5 dxe5 15. Qh4 g5 16. Qg3 Bh6 17. c4 0-0 18. Ba3 Rf7 19. c5 f5 20. Qb3 Qd8 21. Bc4 Qe8 22. d6 e6 23. Bb2 e4 24. f3 f4 25. fxe4 g4 26. Be2 g3 27. Be5 Qd8 28. Bxf4 Rxf4 29. Qxg3+ Qg5 30. Qxg5+ Bxg5 31. Rxf4 Bxf4 32. Bb5 Be3+ 33. Kh2 Bxc5 34. Rd1 a6 35. d7 Bxd7 36. Bxd7 Kf7 37. Ba4 b5 38. Bc2 Ke7 39. e5 h6 40. Be4 Rd8 41. Rxd8 Kxd8 42. Kg3 a5 43. Bc6 1/2-1/2

[Event "Wch U20 56th"]
[Site "Tarvisio"]
[Date "2017.11.24"]
[Round "10"]
[White "Thilakarathne, GM Harshana"]
[Black "Zenari, Marco"]
[Result "1-0"]
[WhiteElo "2141"]
[BlackElo "1997"]
[PlyCount "91"]
[EventDate "2017.11.13"]
[EventType "swiss"]
[EventRounds "11"]
[EventCountry "ITA"]
[SourceTitle "CBM 181 Extra"]
[Source "ChessBase"]
[SourceDate "2017.12.12"]
[SourceVersion "1"]
[SourceVersionDate "2017.12.12"]
[SourceQuality "1"]

1. e4 c5 2. Nf3 d6 3. d4 cxd4 4. Nxd4 Nf6 5. Nc3 g6 6. Be3 Bg7 7. f3 0-0 8. Qd2 Nc6 9. Bc4 Bd7 10. 0-0-0 Rc8 11. Be2 Ne5 12. g4 b5 13. Ndxb5 Qa5 14. Nd4 Nc4 15. Bxc4 Rxc4 16. Kb1 Rb8 17. Nb3 Qa6 18. h4 Qb7 19. Qd3 Rxc3 20. Qxc3 Nd5 21. Qd2 Nxe3 22. Qxe3 a5 23. Qc1 Be6 24. Nd4 a4 25. c3 Bc4 26. Rh2 e5 27. Nc2 d5 28. Ne3 Bb3 29. Rxd5 Bxd5 30. Nxd5 Qb5 31. Rd2 Bf8 32. g5 Bc5 33. Ka1 Qc4 34. Qd1 Qb5 35. h5 gxh5 36. Nf6+ Kg7 37. Nxh5+ Kg8 38. f4 exf4 39. Nxf4 Kg7 40. Nh5+ Kg6 41. Qf3 Be7 42. Nf6 Qxg5 43. Rg2 Qxg2 44. Qxg2+ Kxf6 45. Qf3+ Kg6 46. Qf5+ 1-0

[Event "Wch U20 56th"]
[Site "Tarvisio"]
[Date "2017.11.17"]
[Round "5"]
[White "Milosevic, Milos"]
[Black "Zenari, Marco"]
[Result "1-0"]
[WhiteElo "2249"]
[BlackElo "1997"]
[PlyCount "57"]
[EventDate "2017.11.13"]
[EventType "swiss"]
[EventRounds "11"]
[EventCountry "ITA"]
[SourceTitle "CBM 181 Extra"]
[Source "ChessBase"]
[SourceDate "2017.12.12"]
[SourceVersion "1"]
[SourceVersionDate "2017.12.12"]
[SourceQuality "1"]

1. e4 c5 2. Nc3 Nc6 3. f4 g6 4. Nf3 Bg7 5. Bc4 e6 6. 0-0 Nge7 7. Qe1 d6 8. d3 Nd4 9. Nxd4 cxd4 10. Ne2 0-0 11. Qf2 d5 12. Bb3 dxe4 13. dxe4 Qb6 14. Bd2 Bd7 15. a4 Bc6 16. Ng3 Qc5 17. a5 Rac8 18. f5 gxf5 19. exf5 Nxf5 20. Nxf5 Qxf5 21. Qxf5 exf5 22. Bb4 Rfd8 23. Rxf5 Rc7 24. Raf1 Be8 25. Bc5 d3 26. c3 d2 27. Bd1 Rdc8 28. Bf2 Bc6 29. Bh4 1-0

[Event "Wch U20 56th"]
[Site "Tarvisio"]
[Date "2017.11.15"]
[Round "3"]
[White "Abdulla, Murad"]
[Black "Zenari, Marco"]
[Result "1-0"]
[WhiteElo "2316"]
[BlackElo "1997"]
[PlyCount "113"]
[EventDate "2017.11.13"]
[EventType "swiss"]
[EventRounds "11"]
[EventCountry "ITA"]
[SourceTitle "CBM 181 Extra"]
[Source "ChessBase"]
[SourceDate "2017.12.12"]
[SourceVersion "1"]
[SourceVersionDate "2017.12.12"]
[SourceQuality "1"]

1. e4 c5 2. Nf3 d6 3. d4 cxd4 4. Nxd4 Nf6 5. Nc3 g6 6. Be3 Bg7 7. f3 0-0 8. Qd2 Nc6 9. 0-0-0 d5 10. Qe1 e5 11. Nxc6 bxc6 12. exd5 Nxd5 13. Bc4 Be6 14. Kb1 Nxc3+ 15. Qxc3 Qe7 16. Bb3 Bxb3 17. axb3 Qe6 18. Rhe1 a5 19. Bc5 Rfb8 20. Re4 Rb5 21. Rd6 Qe8 22. Bf2 Rc8 23. Rc4 e4 24. Bd4 Bxd4 25. Rcxd4 exf3 26. gxf3 Re5 27. Rd1 h5 28. f4 Rf5 29. Re1 Qf8 30. Rxc6 Rxc6 31. Qxc6 Qb4 32. Re4 Qd2 33. Qc3 Qxc3 34. bxc3 g5 35. fxg5 Rxg5 36. Kc1 Kg7 37. Kd2 f5 38. Re2 f4 39. Rf2 Rf5 40. Kd3 Kg6 41. Ke4 a4 42. bxa4 Ra5 43. Rxf4 Rxa4+ 44. Ke3 Ra3 45. Kd4 Kg5 46. Re4 Ra2 47. Re2 Ra8 48. c4 Rd8+ 49. Kc3 Rc8 50. Re5+ Kg4 51. c5 h4 52. Kc4 h3 53. Re2 Kf3 54. Rd2 Rg8 55. c6 Rg2 56. Rd3+ Ke4 57. c7 1-0

[Event "Wch U20 56th"]
[Site "Tarvisio"]
[Date "2017.11.13"]
[Round "1"]
[White "Zenari, Marco"]
[Black "Keymer, Vincent"]
[Result "0-1"]
[WhiteElo "1997"]
[BlackElo "2405"]
[PlyCount "86"]
[EventDate "2017.11.13"]
[EventType "swiss"]
[EventRounds "11"]
[EventCountry "ITA"]
[SourceTitle "CBM 181 Extra"]
[Source "ChessBase"]
[SourceDate "2017.12.12"]
[SourceVersion "1"]
[SourceVersionDate "2017.12.12"]
[SourceQuality "1"]

1. e4 c5 2. Nf3 e6 3. d4 cxd4 4. Nxd4 a6 5. Nc3 Qc7 6. Be2 Nf6 7. 0-0 Nc6 8. Be3 b5 9. f4 b4 10. Na4 Bb7 11. Bf3 d6 12. c3 bxc3 13. Nxc3 Nxd4 14. Bxd4 e5 15. Rc1 exd4 16. Nb5 Qb6 17. Nc7+ Kd8 18. Nxa8 Bxa8 19. Kh1 d5 20. Qc2 Bb7 21. Rfe1 Bb4 22. Re2 dxe4 23. Bxe4 Nxe4 24. Rxe4 Qc5 25. Rxd4+ Qxd4 26. Qc7+ Ke8 27. Qxb7 Be7 28. Re1 Qd6 29. Qc8+ Qd8 30. Qxa6 Kf8 31. Rc1 Qd5 32. Rc8+ Bd8 33. h3 h5 34. Qb6 Ke7 35. Qa7+ Qd7 36. Qe3+ Kf6 37. Rc5 Kg6 38. Qe4+ f5 39. Rc6+ Bf6 40. Qf3 h4 41. b4 Re8 42. b5 Re1+ 43. Kh2 Qd4 0-1

[Event "Verona op-A"]
[Site "Verona"]
[Date "2017.01.02"]
[Round "1"]
[White "Russo, Leonardo"]
[Black "Zenari, Marco"]
[Result "1/2-1/2"]
[WhiteElo "1910"]
[BlackElo "2024"]
[PlyCount "115"]
[EventDate "2017.01.02"]
[EventType "swiss"]
[EventRounds "7"]
[EventCountry "ITA"]
[SourceTitle "CBM 176 Extra"]
[Source "ChessBase"]
[SourceDate "2017.03.02"]
[SourceVersion "1"]
[SourceVersionDate "2017.03.02"]
[SourceQuality "1"]

1. e4 c5 2. Nf3 d6 3. Bb5+ Nd7 4. 0-0 a6 5. Bxd7+ Bxd7 6. c3 Nf6 7. Re1 Bc6 8. d3 g6 9. Nbd2 Bg7 10. Nf1 c4 11. Nd4 cxd3 12. Qxd3 Nd7 13. Nxc6 bxc6 14. Be3 0-0 15. Ng3 Qa5 16. f4 Rab8 17. Re2 Nc5 18. Bxc5 Qxc5+ 19. Kh1 Qb5 20. Qxb5 Rxb5 21. Rf1 Rfb8 22. Rff2 a5 23. Nf1 a4 24. a3 e5 25. g3 exf4 26. gxf4 f5 27. exf5 Rxf5 28. Re4 Rfb5 29. Ree2 Kf7 30. Kg2 Re8 31. Rxe8 Kxe8 32. Kf3 d5 33. Rd2 Rb7 34. Ne3 Rf7 35. Kg3 Rd7 36. Nc2 c5 37. Kf3 Rb7 38. Ne3 d4 39. cxd4 Bxd4 40. Nc4 Kd7 41. Ke4 Ke6 42. Re2 Rb3 43. Rg2 Rh3 44. Re2 Bg1 45. Nb6 Rxh2 46. Rxh2 Bxh2 47. Nxa4 Bg1 48. Nc3 Bd4 49. Na4 h5 50. b4 cxb4 51. axb4 h4 52. Nc5+ Bxc5 53. bxc5 h3 54. Kf3 Kd5 55. Kg3 h2 56. Kxh2 Kxc5 57. Kg3 Kd5 58. Kg4 1/2-1/2

[Event "Chioggia op-A 11th"]
[Site "Chioggia"]
[Date "2016.10.09"]
[Round "4"]
[White "Bacchini, Stefano"]
[Black "Zenari, Marco"]
[Result "1-0"]
[WhiteElo "1969"]
[BlackElo "1945"]
[PlyCount "61"]
[EventDate "2016.10.07"]
[EventType "swiss"]
[EventRounds "5"]
[EventCountry "ITA"]
[SourceTitle "EXT 2022"]
[Source "ChessBase"]
[SourceDate "2021.10.06"]
[SourceVersion "1"]
[SourceVersionDate "2021.10.06"]
[SourceQuality "1"]

1. f4 d5 2. Nf3 Nf6 3. e3 c5 4. d3 g6 5. Be2 Bg7 6. 0-0 0-0 7. Nc3 Nc6 8. Ne5 Rb8 9. Bf3 Ne8 10. Nxc6 bxc6 11. e4 Nc7 12. Kh1 Nb5 13. Na4 Qa5 14. c3 Rd8 15. e5 Bf5 16. Be2 f6 17. g4 Bc8 18. Bd2 Qc7 19. exf6 Bxf6 20. Nxc5 Nd6 21. Rb1 e5 22. fxe5 Bxe5 23. d4 Bg7 24. Bf4 Qe7 25. Qd2 Rb6 26. Bg5 Qc7 27. Bxd8 Qxd8 28. b3 Qh4 29. Qf4 Nb7 30. Qf7+ Kh8 31. Qe8+ 1-0